MARC details
| 000 -LEADER |
| fixed length control field |
02534cam a2200505 i 4500 |
| 001 - CONTROL NUMBER |
| control field |
21651930 |
| 003 - CONTROL NUMBER IDENTIFIER |
| control field |
OSt |
| 005 - DATE AND TIME OF LATEST TRANSACTION |
| control field |
20230620103150.0 |
| 008 - FIXED-LENGTH DATA ELEMENTS--GENERAL INFORMATION |
| fixed length control field |
200804m20192022ke a f000 0 eng |
| 010 ## - LIBRARY OF CONGRESS CONTROL NUMBER |
| LC control number |
2020337546 |
| 020 ## - INTERNATIONAL STANDARD BOOK NUMBER |
| International Standard Book Number |
9789966102096 |
| 020 ## - INTERNATIONAL STANDARD BOOK NUMBER |
| International Standard Book Number |
9789966102119 |
| 020 ## - INTERNATIONAL STANDARD BOOK NUMBER |
| International Standard Book Number |
9789914998603 (v. 6) |
| 020 ## - INTERNATIONAL STANDARD BOOK NUMBER |
| International Standard Book Number |
9789914998610 (v. 7) |
| 020 ## - INTERNATIONAL STANDARD BOOK NUMBER |
| International Standard Book Number |
9789914998627 (v. 8) |
| 020 ## - INTERNATIONAL STANDARD BOOK NUMBER |
| International Standard Book Number |
9789914998634 (v. 9) |
| 020 ## - INTERNATIONAL STANDARD BOOK NUMBER |
| International Standard Book Number |
9789914998658 (v. 11) |
| 020 ## - INTERNATIONAL STANDARD BOOK NUMBER |
| International Standard Book Number |
9789914998665 (v. 12) |
| 020 ## - INTERNATIONAL STANDARD BOOK NUMBER |
| International Standard Book Number |
9789914998672 (v. 13) |
| 020 ## - INTERNATIONAL STANDARD BOOK NUMBER |
| International Standard Book Number |
9789914998719 (v. 14) |
| 020 ## - INTERNATIONAL STANDARD BOOK NUMBER |
| International Standard Book Number |
9789914998689 (v. 15) |
| 020 ## - INTERNATIONAL STANDARD BOOK NUMBER |
| International Standard Book Number |
9789914998696 (v. 17) |
| 020 ## - INTERNATIONAL STANDARD BOOK NUMBER |
| International Standard Book Number |
9789914998702 (v. 19) |
| 020 ## - INTERNATIONAL STANDARD BOOK NUMBER |
| International Standard Book Number |
9789914998641 (v. 20) |
| 040 ## - CATALOGING SOURCE |
| Original cataloging agency |
DLC |
| Language of cataloging |
eng |
| Transcribing agency |
DLC |
| Description conventions |
rda |
| 042 ## - AUTHENTICATION CODE |
| Authentication code |
lcode |
| -- |
pcc |
| 043 ## - GEOGRAPHIC AREA CODE |
| Geographic area code |
f-ke--- |
| 050 00 - LIBRARY OF CONGRESS CALL NUMBER |
| Classification number |
HA4693 |
| Item number |
.A4 2019 |
| 082 ## - DEWEY DECIMAL CLASSIFICATION NUMBER |
| Classification number |
304.67 |
| Item number |
KEN 2019 |
| 245 00 - TITLE STATEMENT |
| Title |
2019 Kenya population and housing census. |
| 246 18 - VARYING FORM OF TITLE |
| Title proper/short title |
2019 population and housing census |
| 264 #1 - PRODUCTION, PUBLICATION, DISTRIBUTION, MANUFACTURE, AND COPYRIGHT NOTICE |
| Place of production, publication, distribution, manufacture |
Nairobi : |
| Name of producer, publisher, distributor, manufacturer |
Kenya National Bureau of Statistics, |
| Date of production, publication, distribution, manufacture, or copyright notice |
November 2019-April 2022. |
| 300 ## - PHYSICAL DESCRIPTION |
| Extent |
volumes : |
| Other physical details |
color illustrations ; |
| Dimensions |
30 cm |
| 336 ## - CONTENT TYPE |
| Content type term |
text |
| Content type code |
txt |
| Source |
rdacontent |
| 337 ## - MEDIA TYPE |
| Media type term |
unmediated |
| Media type code |
n |
| Source |
rdamedia |
| 338 ## - CARRIER TYPE |
| Carrier type term |
volume |
| Carrier type code |
nc |
| Source |
rdacarrier |
| 505 1# - FORMATTED CONTENTS NOTE |
| Formatted contents note |
v. 1. Population by county and sub-county -- v. 2. Distribution of population by administrative units -- v. 3. Distribution of population by age and sex -- v. 4. Distribution of population by socio-economic characteristics -- v. 6. Analytical report on fertility and nuptiality -- v. 7. Analytical report on mortality -- v. 8. Analytical report on migration -- v. 9. Analytical report on urbanization -- v. 11. Analytical report on households and family dynamics -- v. 12. Analytical report on youth and adolescents -- v. 13. Analytical report on the older and vulnerable population -- v. 14. Analytical report on gender dimensions -- v. 15. Analytical report on disability -- v. 17. Analytical report on education and training -- v. 19. Analytical report on housing conditions and amenities -- v. 20. Analytical report on information and communication technology |
| 651 #0 - SUBJECT ADDED ENTRY--GEOGRAPHIC NAME |
| Geographic name |
Kenya |
| Form subdivision |
Census, 2019. |
| 651 #0 - SUBJECT ADDED ENTRY--GEOGRAPHIC NAME |
| Geographic name |
Kenya |
| General subdivision |
Population |
| Form subdivision |
Statistics. |
| 710 2# - ADDED ENTRY--CORPORATE NAME |
| Corporate name or jurisdiction name as entry element |
Kenya National Bureau of Statistics, |
| Relator term |
issuing body. |
| 906 ## - LOCAL DATA ELEMENT F, LDF (RLIN) |
| a |
7 |
| b |
cbc |
| c |
origode |
| d |
2 |
| e |
ncip |
| f |
20 |
| g |
y-gencatlg |
| 942 ## - ADDED ENTRY ELEMENTS (KOHA) |
| Source of classification or shelving scheme |
Dewey Decimal Classification |
| Koha item type |
Books |